[Event "BL 0203 (Women)"]
[Site "Germany"]
[Date "2002.10.12"]
[Round "1.4"]
[White "Juergens, Vera"]
[Black "Fliter, Irena"]
[Result "1-0"]
[WhiteElo "2276"]
[BlackElo "2133"]
[PlyCount "85"]
[EventDate "2002.10.12"]
[EventType "team-tourn"]
[EventRounds "11"]
[EventCountry "GER"]
[SourceTitle "EXT 2003"]
[Source "ChessBase"]
[SourceDate "2002.11.25"]
[SourceVersion "1"]
[SourceVersionDate "2002.11.25"]
[SourceQuality "1"]
[WhiteTeam "Hamburg (W)"]
[BlackTeam "Leipzig WBA (W)"]
[WhiteTeamCountry "GER"]
[BlackTeamCountry "GER"]

1. d4 Nf6 2. Nc3 d5 3. Bg5 e6 4. e4 dxe4 5. Nxe4 Be7 6. Bxf6 Bxf6 7. Nf3 0-0 8. c3 Nd7 9. Qc2 Be7 10. h4 h6 11. g4 f5 12. gxf5 Rxf5 13. Be2 c5 14. 0-0-0 Qa5 15. Qb3 Nf8 16. Kb1 b5 17. Ne5 Bb7 18. f3 cxd4 19. Ng6 Nxg6 20. Qxe6+ Rf7 21. Qxg6 Bd5 22. c4 Bxc4 23. Bxc4 bxc4 24. Rxd4 Qb4 25. Qe6 Rb8 26. b3 Rb6 27. Qd5 Qb5 28. Nc3 Qxd5 29. Nxd5 Re6 30. Rxc4 Rxf3 31. Rc7 Bd6 32. Rc6 Rf2 33. Nc3 Rd2 34. Rf1 Rg6 35. Ne4 Rd4 36. h5 Re6 37. Rc8+ Kh7 38. Nxd6 Rdxd6 39. Rff8 Re1+ 40. Kb2 Re2+ 41. Kc3 Re3+ 42. Kc4 Re4+ 43. Kc5 1-0

[Event "EU-chT U18 Girls 3th"]
[Site "Balatonlelle"]
[Date "2002.06.16"]
[Round "4"]
[White "Ignacz, Maria"]
[Black "Fliter, Irena"]
[Result "1/2-1/2"]
[WhiteElo "2050"]
[BlackElo "2119"]
[PlyCount "107"]
[EventDate "2002.06.13"]
[EventType "team-swiss"]
[EventRounds "7"]
[EventCountry "HUN"]
[SourceTitle "EXT 2020"]
[Source "ChessBase"]
[SourceDate "2019.10.17"]
[SourceVersion "1"]
[SourceVersionDate "2019.10.17"]
[SourceQuality "1"]
[WhiteTeam "Hungary U18 (W)"]
[BlackTeam "Germany U18 (W)"]
[WhiteTeamCountry "HUN"]
[BlackTeamCountry "GER"]

1. d4 Nf6 2. c4 e6 3. g3 Bb4+ 4. Bd2 Bxd2+ 5. Qxd2 d5 6. Bg2 0-0 7. Nf3 Qe7 8. 0-0 Nbd7 9. Qc2 c6 10. Nbd2 b6 11. Rfe1 Bb7 12. e4 Rac8 13. Rac1 Rfd8 14. e5 Ne8 15. cxd5 exd5 16. Bh3 Nc7 17. Nf1 Ne6 18. Ne3 g6 19. Ng4 c5 20. Qd2 h5 21. Ne3 Ndf8 22. Ng2 Rc7 23. Nf4 Bc8 24. dxc5 Nxf4 25. Bxc8 Rcxc8 26. Qxf4 bxc5 27. Qh6 Ne6 28. Nh4 Qg5 29. Qxg5 Nxg5 30. f4 Ne4 31. Nf3 Kf8 32. b3 Ke7 33. Kg2 a5 34. h3 Ra8 35. Re2 a4 36. g4 axb3 37. axb3 Ra3 38. Re3 Rb8 39. Rd1 Rbxb3 40. Rxb3 Rxb3 41. Rxd5 Rb2+ 42. Kg1 c4 43. Rd4 c3 44. Rxe4 c2 45. Rc4 Rb1+ 46. Kg2 c1Q 47. Rxc1 Rxc1 48. gxh5 gxh5 49. Nd4 Rc3 50. Nf5+ Kf8 51. Ng3 h4 52. Nf5 Rc2+ 53. Kf3 Rc3+ 54. Kg4 1/2-1/2

[Event "EU-chT U18 Girls 3th"]
[Site "Balatonlelle"]
[Date "2002.06.14"]
[Round "2"]
[White "Fliter, Irena"]
[Black "Drljevic, Ljilja"]
[Result "0-1"]
[WhiteElo "2119"]
[BlackElo "2125"]
[PlyCount "80"]
[EventDate "2002.06.13"]
[EventType "team-swiss"]
[EventRounds "7"]
[EventCountry "HUN"]
[SourceTitle "EXT 2020"]
[Source "ChessBase"]
[SourceDate "2019.10.17"]
[SourceVersion "1"]
[SourceVersionDate "2019.10.17"]
[SourceQuality "1"]
[WhiteTeam "Germany U18 (W)"]
[BlackTeam "Yugoslavia U18 (W)"]
[WhiteTeamCountry "GER"]
[BlackTeamCountry "YUG"]

1. e4 d6 2. d4 Nf6 3. Nc3 g6 4. Nf3 Bg7 5. Be2 c6 6. 0-0 0-0 7. Re1 Nbd7 8. e5 Nd5 9. Nxd5 cxd5 10. exd6 exd6 11. Bd3 Qb6 12. c3 Nf6 13. h3 Bd7 14. Qb3 Qc7 15. Bf4 Bc6 16. Qa3 Rfd8 17. Re2 b5 18. Rae1 a5 19. Re7 Qb8 20. Ng5 b4 21. Qb3 Rf8 22. Qc2 Nh5 23. Bh2 Be8 24. h4 a4 25. a3 bxc3 26. bxc3 Qd8 27. Qe2 Nf6 28. f3 Rc8 29. Bb5 Bxb5 30. Qxb5 h6 31. Nh3 Rxc3 32. Qxa4 Ne4 33. Rd7 Qxh4 34. Rd1 Rc4 35. Qb3 Bxd4+ 36. Kh1 Nc5 37. Qxc4 dxc4 38. Rxd6 Nd3 39. Bg1 Bxg1 40. Kxg1 Re8 0-1

[Event "JBLN Ost 0102"]
[Site "Germany"]
[Date "2002.03.10"]
[Round "?"]
[White "Leisner, Hannes"]
[Black "Fliter, Irena"]
[Result "0-1"]
[WhiteElo "1770"]
[BlackElo "1973"]
[PlyCount "70"]
[EventDate "2002.10.??"]
[EventType "team"]
[EventRounds "9"]
[EventCountry "GER"]
[SourceTitle "EXT 2005"]
[Source "ChessBase"]
[SourceDate "2004.11.15"]
[SourceVersion "1"]
[SourceVersionDate "2004.11.15"]
[SourceQuality "1"]

1. d4 Nf6 2. c4 e6 3. Nf3 b6 4. a3 Bb7 5. Nc3 c5 6. d5 exd5 7. cxd5 d6 8. e4 a6 9. a4 Be7 10. Be2 0-0 11. 0-0 Ne8 12. Qc2 Bc8 13. Bf4 f5 14. e5 dxe5 15. Nxe5 Bd6 16. Rad1 Qf6 17. Nd3 c4 18. Be3 cxd3 19. Bxd3 Nd7 20. Rfe1 Nc5 21. Bf1 f4 22. Bd4 Bf5 23. Qc1 Qg6 24. b4 Nb3 25. Qb2 Nxd4 26. Rxd4 Qf6 27. Rc4 Rc8 28. Rxc8 Bxc8 29. Qb3 Qg6 30. Qc4 Bf5 31. Qd4 f3 32. g3 Nf6 33. Qxb6 Ng4 34. Qd4 Qh6 35. h3 Bxg3 0-1

[Event "JBLN Ost 0102"]
[Site "Germany"]
[Date "2002.01.13"]
[Round "?"]
[White "Waechter, Thomas"]
[Black "Fliter, Irena"]
[Result "0-1"]
[WhiteElo "1699"]
[BlackElo "1973"]
[PlyCount "80"]
[EventDate "2002.10.??"]
[EventType "team"]
[EventRounds "9"]
[EventCountry "GER"]
[SourceTitle "EXT 2005"]
[Source "ChessBase"]
[SourceDate "2004.11.15"]
[SourceVersion "1"]
[SourceVersionDate "2004.11.15"]
[SourceQuality "1"]

1. e4 c5 2. Nf3 e6 3. Be2 d6 4. 0-0 Nf6 5. d3 Nc6 6. c3 Be7 7. h3 0-0 8. Bf4 a6 9. Nbd2 b5 10. Re1 Bb7 11. Bf1 Rc8 12. e5 Nd5 13. Bg3 dxe5 14. Nxe5 Nxe5 15. Bxe5 Bd6 16. Qg4 Bxe5 17. Rxe5 Ne7 18. Rd1 Ng6 19. Ree1 Qd5 20. Nb3 e5 21. d4 exd4 22. cxd4 c4 23. Nc5 Rfd8 24. a3 Rd6 25. Be2 h5 26. Qg3 Nh4 27. Nxb7 Rg6 28. Bg4 hxg4 29. Qxh4 Qxb7 30. hxg4 Qc7 31. Re5 Rh6 32. Rh5 Rxh5 33. gxh5 c3 34. bxc3 Qxc3 35. h6 Qc2 36. Qg4 g6 37. Re1 Qc7 38. d5 Kh7 39. d6 Qd8 40. Re7 Rc1+ 0-1

[Event "JBLN Ost 0102"]
[Site "Germany"]
[Date "2001.12.09"]
[Round "?"]
[White "Fliter, Irena"]
[Black "Jopp, Michael"]
[Result "1/2-1/2"]
[WhiteElo "1973"]
[BlackElo "1601"]
[PlyCount "74"]
[EventDate "2002.10.??"]
[EventType "team"]
[EventRounds "9"]
[EventCountry "GER"]
[SourceTitle "EXT 2005"]
[Source "ChessBase"]
[SourceDate "2004.11.15"]
[SourceVersion "1"]
[SourceVersionDate "2004.11.15"]
[SourceQuality "1"]

1. e4 c5 2. Nf3 e6 3. d4 cxd4 4. Nxd4 Nf6 5. Bd3 Nc6 6. Nb3 d5 7. exd5 Nxd5 8. 0-0 Be7 9. Bd2 0-0 10. Nc3 Bf6 11. Qh5 g6 12. Qe2 Nxc3 13. Bxc3 Bxc3 14. bxc3 Qf6 15. c4 e5 16. Nd2 Qe7 17. Qe3 f5 18. f4 e4 19. Be2 b6 20. Nb3 Be6 21. c5 Bxb3 22. Qxb3+ Kh8 23. cxb6 Qc5+ 24. Kh1 axb6 25. Bc4 h6 26. Qb2+ Kh7 27. Bb3 Rfd8 28. Qf6 Qd6 29. Qf7+ Kh8 30. c3 Ra7 31. Qc4 Na5 32. Qe2 Qd3 33. Qf2 e3 34. Qh4 Nxb3 35. axb3 Rxa1 36. Qxh6+ Kg8 37. Qxg6+ Kf8 1/2-1/2

[Event "JBLN Ost 0102"]
[Site "Germany"]
[Date "2001.10.20"]
[Round "?"]
[White "Fliter, Irena"]
[Black "Filter, Robert"]
[Result "1-0"]
[WhiteElo "1973"]
[BlackElo "1624"]
[PlyCount "57"]
[EventDate "2002.10.??"]
[EventType "team"]
[EventRounds "9"]
[EventCountry "GER"]
[SourceTitle "EXT 2005"]
[Source "ChessBase"]
[SourceDate "2004.11.15"]
[SourceVersion "1"]
[SourceVersionDate "2004.11.15"]
[SourceQuality "1"]

1. e4 c5 2. Nf3 Nc6 3. d4 cxd4 4. Nxd4 Nf6 5. Nc3 d6 6. Bc4 a6 7. Bb3 e6 8. 0-0 Be7 9. Be3 0-0 10. f4 Na5 11. Qf3 e5 12. Nf5 Nxb3 13. axb3 Bxf5 14. exf5 Qc7 15. Rfe1 Rfe8 16. Bf2 Rac8 17. Kh1 Bf8 18. Bh4 Nd7 19. Qg4 f6 20. Rad1 Rcd8 21. Nd5 Qxc2 22. Bxf6 Rc8 23. Bh4 Qxb2 24. f6 exf4 25. Qxd7 Rxe1+ 26. Rxe1 Rc1 27. Qe6+ Kh8 28. fxg7+ Bxg7 29. Qe8+ 1-0

[Event "EU-ch U18 Girls"]
[Site "Chalkidiki"]
[Date "2001.09.09"]
[Round "9"]
[White "Fliter, Irena"]
[Black "Makka, Ioulia"]
[Result "0-1"]
[WhiteElo "2110"]
[BlackElo "2123"]
[PlyCount "110"]
[EventDate "2001.08.31"]
[EventType "swiss"]
[EventRounds "9"]
[EventCountry "GRE"]
[SourceTitle "EXT 2002"]
[Source "ChessBase"]
[SourceDate "2001.11.25"]
[SourceVersion "1"]
[SourceVersionDate "2001.11.25"]
[SourceQuality "1"]

1. e4 c6 2. d4 d5 3. Nc3 dxe4 4. Nxe4 Nd7 5. Nf3 Ngf6 6. Ng3 e6 7. Bd3 c5 8. c3 cxd4 9. cxd4 Bb4+ 10. Bd2 Qa5 11. 0-0 Bxd2 12. Nxd2 Qb6 13. Nb3 0-0 14. Re1 a5 15. Qc2 Rd8 16. Rad1 Nf8 17. Ne2 Bd7 18. Nc3 Bc6 19. Bf1 Rac8 20. Re3 Bd5 21. Nc5 Qd6 22. Qd2 Bc6 23. f3 b6 24. N5e4 Qe7 25. Nxf6+ Qxf6 26. Ne4 Qf4 27. g3 Qc7 28. f4 Bxe4 29. Rxe4 Nd7 30. Bg2 Qc2 31. Re2 Qc4 32. b3 Qb5 33. Qe1 Nf6 34. Re5 Qd7 35. Qe2 Qd6 36. Rb5 g6 37. Bf3 Rd7 38. Qe5 Ne8 39. Qe2 Rcd8 40. Re5 Nf6 41. Qb5 Qc7 42. d5 exd5 43. Bxd5 Qc5+ 44. Qxc5 bxc5 45. Bxf7+ Kxf7 46. Rxd7+ Nxd7 47. Rd5 Ke6 48. Rd3 Rb8 49. Kf2 Rb4 50. Ke3 a4 51. h3 axb3 52. axb3 Nf6 53. Kf3 Rd4 54. Rc3 Kd6 55. Re3 Nd5 0-1

[Event "Berlin Chemie op"]
[Site "Berlin"]
[Date "2001.05.26"]
[Round "6"]
[White "Moehring, Guenther"]
[Black "Fliter, Irena"]
[Result "1-0"]
[WhiteElo "2317"]
[BlackElo "2070"]
[PlyCount "61"]
[EventDate "2001.05.23"]
[EventType "swiss"]
[EventRounds "7"]
[EventCountry "GER"]
[SourceTitle "EXT 2008"]
[Source "ChessBase"]
[SourceDate "2007.11.25"]
[SourceVersion "1"]
[SourceVersionDate "2007.11.25"]
[SourceQuality "1"]

1. e4 c5 2. Nf3 Nc6 3. d4 cxd4 4. Nxd4 Nf6 5. Nc3 d6 6. Bc4 Qb6 7. Nb3 a6 8. 0-0 e6 9. Kh1 Be7 10. f4 0-0 11. Qf3 Qc7 12. Bd3 Nb4 13. Be3 Bd7 14. Rac1 Nxd3 15. cxd3 Bc6 16. Bd4 Qb8 17. Qg3 Ne8 18. Na5 f6 19. Qh3 Nc7 20. Bb6 f5 21. Ne2 Nb5 22. Nxc6 bxc6 23. Rxc6 Na7 24. Bxa7 Qxb2 25. Ng1 Rxa7 26. exf5 exf5 27. Qe3 Qb8 28. Qe6+ Kh8 29. Rfc1 Qb7 30. Rc8 Ra8 31. R8c2 1-0

[Event "Berlin-Warsaw m U18"]
[Site "Berlin"]
[Date "2001.05.12"]
[Round "2.7"]
[White "Zawadzka, Beata"]
[Black "Fliter, Irena"]
[Result "1/2-1/2"]
[WhiteElo "2164"]
[BlackElo "1976"]
[PlyCount "46"]
[EventDate "2001.05.??"]
[EventType "team"]
[EventRounds "2"]
[EventCountry "GER"]
[SourceTitle "EXT 2003"]
[Source "ChessBase"]
[SourceDate "2002.11.25"]
[SourceVersion "1"]
[SourceVersionDate "2002.11.25"]
[SourceQuality "1"]

1. e4 c5 2. Nf3 Nc6 3. d4 cxd4 4. Nxd4 Nf6 5. Nc3 d6 6. Bg5 Bd7 7. Qd2 Rc8 8. 0-0-0 Nxd4 9. Qxd4 Qa5 10. f4 Rxc3 11. bxc3 e5 12. Qe3 Ng4 13. Qf3 h6 14. Bc4 hxg5 15. fxg5 Qa3+ 16. Kb1 Qc5 17. Bxf7+ Kd8 18. Bb3 Ne3 19. Rd3 Nc4 20. Qf7 b5 21. Rhd1 Be8 22. Qe6 Bd7 23. Qf7 Be8 1/2-1/2

[Event "Leutersdorf Muench Braeu op 06th"]
[Site "Leutersdorf"]
[Date "2001.02.15"]
[Round "7"]
[White "Fliter, Irena"]
[Black "Vogt, Lothar"]
[Result "0-1"]
[WhiteElo "2096"]
[BlackElo "2478"]
[PlyCount "52"]
[EventDate "2001.02.11"]
[EventType "swiss"]
[EventRounds "9"]
[EventCountry "GER"]
[SourceTitle "EXT 2002"]
[Source "ChessBase"]
[SourceDate "2001.11.25"]
[SourceVersion "1"]
[SourceVersionDate "2001.11.25"]
[SourceQuality "1"]

1. e4 c5 2. Nf3 e6 3. d4 cxd4 4. Nxd4 Nf6 5. Nc3 d6 6. Bc4 Be7 7. Bb3 Na6 8. 0-0 Nc5 9. Qe2 a6 10. Rd1 Qc7 11. f4 b5 12. e5 dxe5 13. fxe5 Nfd7 14. Bf4 Bb7 15. Kh1 b4 16. Na4 g5 17. Nxc5 Nxc5 18. Nxe6 Nxe6 19. Bxe6 gxf4 20. Qh5 Rf8 21. Bxf7+ Rxf7 22. e6 Bxg2+ 23. Kxg2 Qxc2+ 24. Kf3 Qc6+ 25. Rd5 Qxe6 26. Re5 Qg6 0-1

[Event "Leutersdorf Muench Braeu op 06th"]
[Site "Leutersdorf"]
[Date "2001.02.15"]
[Round "8"]
[White "Herzger, Manfred"]
[Black "Fliter, Irena"]
[Result "0-1"]
[WhiteElo "2010"]
[BlackElo "2096"]
[PlyCount "114"]
[EventDate "2001.02.11"]
[EventType "swiss"]
[EventRounds "9"]
[EventCountry "GER"]
[SourceTitle "EXT 2002"]
[Source "ChessBase"]
[SourceDate "2001.11.25"]
[SourceVersion "1"]
[SourceVersionDate "2001.11.25"]
[SourceQuality "1"]

1. d4 Nf6 2. Nf3 g6 3. Bf4 Bg7 4. e3 d6 5. c3 0-0 6. Nbd2 Nbd7 7. h3 Qe8 8. Be2 e5 9. dxe5 dxe5 10. Bh2 Nd5 11. Nc4 N5b6 12. 0-0 Nxc4 13. Bxc4 Nb6 14. Bb3 Bf5 15. Qe2 Qe7 16. Rfd1 Kh8 17. Rd2 f6 18. Rad1 Rad8 19. Rxd8 Rxd8 20. Rxd8+ Qxd8 21. e4 Bc8 22. Nd2 Bh6 23. Nf1 Qd6 24. f3 a5 25. Qb5 a4 26. Qe8+ Qf8 27. Qxf8+ Bxf8 28. Bd1 Be6 29. b3 Nd7 30. Kf2 Nc5 31. Nd2 Bh6 32. Nb1 axb3 33. axb3 Nxb3 34. Be2 Kg8 35. Bg1 Nc1 36. Bf1 Ba2 37. Na3 Bf8 38. Bc4+ Bxc4 39. Nxc4 Bc5+ 40. Kf1 Bxg1 41. Kxg1 Ne2+ 42. Kf1 Nxc3 43. Na5 b6 44. Nc6 Kf7 45. Ke1 Ke6 46. Kd2 Nb5 47. Kd3 Kd6 48. Nb4 c6 49. g3 Nd4 50. f4 Kc5 51. Na6+ Kb5 52. Nc7+ Kb4 53. h4 Kb3 54. Ne8 c5 55. Nxf6 c4+ 56. Ke3 c3 57. fxe5 Nc6 0-1

[Event "Wch U18 Girls"]
[Site "Oropesa del Mar"]
[Date "2000.10.12"]
[Round "2"]
[White "Fliter, Irena"]
[Black "Karlovich, Anastazia"]
[Result "0-1"]
[WhiteElo "2119"]
[BlackElo "2273"]
[PlyCount "72"]
[EventDate "2000.10.11"]
[EventType "swiss"]
[EventRounds "11"]
[EventCountry "ESP"]
[SourceTitle "EXT 2001"]
[Source "ChessBase"]
[SourceDate "2000.11.22"]
[SourceVersion "1"]
[SourceVersionDate "2000.11.22"]
[SourceQuality "1"]

1. e4 e5 2. Nf3 Nc6 3. Bb5 Bc5 4. 0-0 Nd4 5. Nxd4 Bxd4 6. c3 Bb6 7. d4 c6 8. Ba4 d6 9. Na3 exd4 10. cxd4 Ne7 11. d5 0-0 12. dxc6 bxc6 13. Bg5 f6 14. Bf4 d5 15. Qc2 Bb7 16. Rfd1 Ng6 17. Bg3 Qe7 18. exd5 cxd5 19. Re1 Ne5 20. Rad1 Kh8 21. Qb1 Rad8 22. Bc2 Ba5 23. f4 Bxe1 24. Rxe1 Qc5+ 25. Bf2 d4 26. fxe5 fxe5 27. b4 Qc3 28. Bxh7 Rxf2 29. Kxf2 Qd2+ 30. Re2 Rf8+ 31. Bf5 Qf4+ 32. Kg1 Rxf5 33. Qe1 d3 34. Rf2 Qd4 35. Nb5 d2 36. Qf1 Qxf2+ 0-1

[Event "Kreuzberg 2000"]
[Site "Berlin"]
[Date "2000.07.26"]
[Round "5"]
[White "Fliter, Irena"]
[Black "Marduhajev, Alexander"]
[Result "1-0"]
[WhiteElo "2119"]
[BlackElo "1678"]
[PlyCount "31"]
[EventDate "2000.07.??"]
[EventType "swiss"]
[EventRounds "9"]
[EventCountry "GER"]
[SourceTitle "EXT 2001"]
[Source "ChessBase"]
[SourceDate "2000.11.22"]
[SourceVersion "1"]
[SourceVersionDate "2000.11.22"]
[SourceQuality "1"]

1. e4 c5 2. Nf3 d6 3. d4 cxd4 4. Nxd4 Nf6 5. Nc3 a6 6. Bc4 e6 7. Bb3 b5 8. Bg5 Be7 9. Qf3 Qc7 10. e5 Bb7 11. exd6 Qb6 12. Qe3 Qxd6 13. 0-0-0 Qb6 14. Qe2 Nc6 15. Bxf6 Bxf6 16. Nxe6 1-0

[Event "Postbauer op U18 6th"]
[Site "Postbauer"]
[Date "2000.??.??"]
[Round "3"]
[White "Ceglar, Michael"]
[Black "Fliter, Irena"]
[Result "0-1"]
[WhiteElo "2142"]
[BlackElo "2099"]
[PlyCount "62"]
[EventDate "2000.04.??"]
[EventType "swiss"]
[EventRounds "9"]
[EventCountry "GER"]
[SourceTitle "EXT 2004"]
[Source "ChessBase"]
[SourceDate "2003.11.25"]
[SourceVersion "1"]
[SourceVersionDate "2003.11.25"]
[SourceQuality "1"]

1. e4 c5 2. Nc3 Nc6 3. g3 e6 4. Bg2 g6 5. d3 Bg7 6. f4 Nge7 7. Nf3 0-0 8. 0-0 d6 9. Be3 Nd4 10. Qd2 Rb8 11. Nd1 Nec6 12. c3 Nxf3+ 13. Bxf3 Qa5 14. g4 f5 15. h4 fxg4 16. Bxg4 Qd8 17. Qh2 e5 18. f5 h6 19. Rc1 Ne7 20. Rc2 gxf5 21. exf5 Bxf5 22. Bh5 Qd7 23. Nf2 Bxd3 24. Nxd3 Rxf1+ 25. Kxf1 Qf5+ 26. Ke2 Qxh5+ 27. Kd2 Rf8 28. Rc1 Nd5 29. Qh1 Nxe3 30. Kxe3 Qf7 31. b3 e4 0-1

[Event "Postbauer op U18 6th"]
[Site "Postbauer"]
[Date "2000.??.??"]
[Round "1"]
[White "Chudinovskih, Alexander N"]
[Black "Fliter, Irena"]
[Result "1-0"]
[WhiteElo "2265"]
[BlackElo "1995"]
[PlyCount "89"]
[EventDate "2000.04.??"]
[EventType "swiss"]
[EventRounds "9"]
[EventCountry "GER"]
[SourceTitle "EXT 2004"]
[Source "ChessBase"]
[SourceDate "2003.11.25"]
[SourceVersion "1"]
[SourceVersionDate "2003.11.25"]
[SourceQuality "1"]

1. e4 c5 2. Nf3 Nc6 3. Nc3 d6 4. d4 cxd4 5. Nxd4 Nf6 6. Bg5 Bd7 7. Qd2 Rc8 8. Nb3 Na5 9. Bxf6 gxf6 10. Qd5 Nxb3 11. axb3 Qb6 12. Bc4 e6 13. Qd3 a6 14. 0-0 Be7 15. Qg3 Kf8 16. Qh3 h6 17. Kh1 Qc6 18. Bd3 Kg7 19. f4 Rcg8 20. f5 Kf8 21. Bc4 Qc8 22. fxe6 fxe6 23. Rae1 Rg5 24. Qh4 Ke8 25. Rf2 Qc5 26. Ref1 Rh5 27. Qg4 Qe5 28. g3 Rg5 29. Qf4 Bc6 30. Re2 Kd7 31. Rd1 h5 32. Bd5 h4 33. Bxc6+ Kxc6 34. Nd5 Bd8 35. gxh4 Rgh5 36. Nb4+ Kc7 37. Nd3 Qb5 38. Qg4 Qe8 39. Nf4 Rxh4 40. Qxe6 Qxe6 41. Nxe6+ Kd7 42. Ng7 Bc7 43. Nf5 Rh3 44. Rd3 d5 45. Rxh3 1-0

[Event "Postbauer op U18 6th"]
[Site "Postbauer"]
[Date "2000.??.??"]
[Round "6"]
[White "Fliter, Irena"]
[Black "Heimrath, Reiner"]
[Result "0-1"]
[WhiteElo "2099"]
[BlackElo "2221"]
[PlyCount "60"]
[EventDate "2000.04.??"]
[EventType "swiss"]
[EventRounds "9"]
[EventCountry "GER"]
[SourceTitle "EXT 2004"]
[Source "ChessBase"]
[SourceDate "2003.11.25"]
[SourceVersion "1"]
[SourceVersionDate "2003.11.25"]
[SourceQuality "1"]

1. e4 e5 2. Nf3 Nc6 3. Bb5 d6 4. d4 exd4 5. Nxd4 Bd7 6. Nc3 Nf6 7. 0-0 Be7 8. Nxc6 bxc6 9. Ba4 0-0 10. Bf4 Ne8 11. Re1 Qb8 12. Bb3 Be6 13. Qe2 Kh8 14. Be3 Qb7 15. Qd3 Nf6 16. Bg5 Rad8 17. Ne2 Rfe8 18. Bxe6 fxe6 19. b3 Nd7 20. Bxe7 Rxe7 21. Qh3 Rf8 22. g3 Ne5 23. Nf4 Qb6 24. Re3 Rf6 25. Qg2 Ref7 26. Rf1 g5 27. Nh3 Rxf2 28. Nxf2 Qxe3 29. Kh1 Qe2 30. Kg1 Nf3+ 0-1

[Event "Bayern-chB (Women) 71st"]
[Site "Bad Koenigshofen"]
[Date "2000.??.??"]
[Round "?"]
[White "Fliter, Irena"]
[Black "Nagel, Verena"]
[Result "1/2-1/2"]
[WhiteElo "1915"]
[BlackElo "1945"]
[PlyCount "120"]
[EventDate "2000.08.26"]
[EventType "tourn"]
[EventRounds "7"]
[EventCountry "GER"]
[SourceTitle "EXT 2003"]
[Source "ChessBase"]
[SourceDate "2002.11.25"]
[SourceVersion "1"]
[SourceVersionDate "2002.11.25"]
[SourceQuality "1"]

1. e4 e5 2. Nf3 Nc6 3. Bb5 Nd4 4. Ba4 Nf6 5. 0-0 Nxf3+ 6. Qxf3 Bc5 7. d3 0-0 8. Bg5 Be7 9. Nc3 c6 10. Rfe1 d6 11. h3 Be6 12. Rad1 h6 13. Bc1 Nh7 14. d4 exd4 15. Rxd4 a6 16. Rdd1 c5 17. a3 c4 18. e5 b5 19. exd6 Bg5 20. Bxg5 Nxg5 21. Qb7 bxa4 22. Nxa4 Rb8 23. Qa7 Qf6 24. Qe3 Bd7 25. Nc5 Bc6 26. d7 Qg6 27. Qg3 Qxc2 28. Rd6 Ne4 29. Nxe4 Bxe4 30. Qh4 Rbd8 31. Qxe4 Qxb2 32. Qxc4 Qxa3 33. Rxa6 Qb2 34. Rd1 Qe5 35. Rc6 Qf5 36. Rc7 Qe6 37. Qc5 g6 38. Rd6 Qe1+ 39. Kh2 Kh7 40. Rf6 Qd2 41. Qe7 Kg7 42. Rcc6 Qd3 43. Rxg6+ Qxg6 44. Rxg6+ Kxg6 45. f4 Rb8 46. Qd6+ Kg7 47. f5 Rg8 48. Qe5+ Kh7 49. f6 Rbf8 50. Qf5+ Kh8 51. Qd5 Kh7 52. g4 Kh8 53. g5 hxg5 54. Qd1 g4 55. Qd5 Rg6 56. d8Q Rxd8 57. Qxd8+ Rg8 58. Qe7 gxh3 59. Qxf7 Rg2+ 60. Kxh3 Rg3+ 1/2-1/2